| 000 | 01365nam1a2200373 i 4500 | ||
|---|---|---|---|
| 001 | RU\NLR\bibl\1300403 | ||
| 005 | 20260407185443.0 | ||
| 035 | _a(NLR Aleph) 001285995 | ||
| 090 |
_a529077 _c529077 |
||
| 100 | _a20081201g20079999u y0rusy50 ca | ||
| 101 | 0 | _arus | |
| 102 | _aRU | ||
| 105 | _a||||z ||||| | ||
| 200 | 1 |
_aМарьинская муза _eсборник произведений участников литературного объединения "Марьинская муза" Управы района Марьино города Москвы |
|
| 210 |
_aМосква _cОбщество дружбы и развития сотрудничества с зарубежными странами _d2007 |
||
| 215 | _d21 | ||
| 463 | 0 | _10011258619 | |
| 463 | 0 | _10011427170 | |
| 463 | 0 | _10011505376 | |
| 463 | 0 | _10011805241 | |
| 463 | 0 | _10011991530 | |
| 686 | 2 | _aШ6(2=Р)8-999 | |
| 686 | 2 | _aШ6(2=Р)75-999 | |
| 686 | 2 | _aШ6(2=Р)8-98 | |
| 686 | 2 | _aШ6(2=Р)75-98 | |
| 711 | 0 | 2 |
_a"Марьинская муза", литературное объединение _cМосква _3RU\NLR\AUTH\8810121839 _9741764 |
| 801 | 0 |
_aRU _bNLR _c20081201 _gRCR |
|
| 801 | 1 |
_aRU _bNLR _c20081201 |
|
| 852 |
_aNLR _j2008-3/23176 |
||
| 942 | _cBOOK | ||